000 01624nas a22002777a 4500
999 _c32848
_d32848
003 OSt
005 20250705165454.0
008 130910b2021 slv spa
022 _a2227-4235
040 _cBMC
082 _a378.00772845
082 _a378.72840014
082 _a001.47284
245 1 0 _aAnuario de investigación 2021
_c[coordinadora y editora, Larissa Hernández Monterrosa]
260 _aSanta Ana, El Salvador
_bUNICAES, Dirección de Investigación
_c2021
300 _a87 + [6] p.
_bil.
_c28 cm
490 _aPublicaciones de la Dirección de Investigación
_v10
505 _aContiene: La transdisciplinariedad como factor de cambio en el quehacer educativo moderno.- Factores que inciden en la elección de carreras STEM en la educación universitaria de El Salvador.- Realidad de la evaluación de los aprendizajes en la Universidad Católica de El Salvador.- Formación de habilidades blandas en los estudiantes de la Universidad Católica de El Salvador.- Cuidados Paliativos una herramienta para estudiantes de enfermería y garantía de la dignidad humana.-
505 _aCompetencias del estudiante de enfermería en la promoción y detección de la tuberculosis pediátrica
610 2 4 _99278
_aUniversidad Católica de El Salvador
_bDirección de Investigación
_vAnuarios
610 2 4 _98619
_aUniversidad Católica de El Salvador
_xActividad científica
650 2 4 _94874
_aInvestigación
_zEl Salvador
700 1 _99472
_aHernandez Monterrosa, Antonia Larissa
710 2 _99274
_aUniversidad Católica de El Salvador
_bDirección de Investigación
942 _2ddc
_cPR
_hprozim